00711cam a2200217 a 4500999001500000001000400015003000900019005001700028008004100045020001500086040003800101082002300139100001900162245005500181250001200236260005500248300002800303650002900331942001200360952012100372 c6640d6640413BD-DhUAP20210105100801.0200301s1985 nyuabf b f000 0 eng  a0132414562 aBD-DhUAPcBD-DhUAPdBD-DhUAPbEng a808.066651 BRO223 aBrown, Leland. aEffective business report writing /cLeland Brown. a4th ed. aEnglewood Cliffs, N.J. :bPrentice-Hall, c©1985. axv, 415 pages :c24 cm. aBusiness report writing. 2ddccBK 00102ddc4070aDBASLbDBASLcGeneral Stacksd2021-01-05o808.066651 BROp3010000413r2021-01-05t1w2021-01-05yBK